Statistics for Countries that Gained Independence via Referendums

Click here to take the quiz!

General Stats

  • This quiz has been taken 290 times
  • The average score is 18 of 29

Answer Stats

Year of ReferendumFormer StateNew State% Correct
2011SudanSouth Sudan
86%
2006Serbia and MontenegroMontenegro
86%
1991YugoslaviaCroatia
84%
1991Soviet UnionLithuania
84%
1991Soviet UnionEstonia
84%
1991Soviet UnionUkraine
83%
1991Soviet UnionLatvia
83%
1993EthiopiaEritrea
81%
1992YugoslaviaBosnia and Herzegovina
81%
1991YugoslaviaMacedonia
81%
1999IndonesiaEast Timor
79%
1991Soviet UnionGeorgia
79%
1991Soviet UnionArmenia
77%
1990YugoslaviaSlovenia
76%
1991Soviet UnionAzerbaijan
74%
1944DenmarkIceland
74%
1905Sweden-NorwayNorway
74%
1991Soviet UnionTurkmenistan
71%
1991Soviet UnionUzbekistan
70%
1962FranceAlgeria
60%
1961New ZealandSamoa
49%
1983United StatesMicronesia
31%
1964United KingdomMalta
26%
1846USALiberia
21%
1945FranceCambodia
20%
1964United KingdomRhodesia
19%
1977FranceDjibouti
14%
1958FranceGuinea
13%
1970United KingdomBahrain
7%

Score Distribution

Percentile by Number Answered

Percent of People with Each Score

Your Score History

You have not taken this quiz